Pokémon - Attaques à dégâts variables - Statistiques

Statistiques générales
  • Ce quiz a été pris 216 fois
    60 depuis la dernière actualisation
  • Le résultat moyen est 45 sur 105
Statistiques - réponses
Hint Réponse % Correct
Bonheur Frustration
96%
Combo avec Tunnel | Effet d'un champ Séisme
96%
Bonheur Retour
91%
PV du lanceur Eruption
83%
Switch Poursuite
83%
PV du lanceur Giclédo
78%
Combo avec Boul'Armure Roulade
78%
Combo avec Plongée Surf
78%
Effet de la météo Ball'Météo
74%
Combo d'attaques alliées Aire d'Eau
70%
Combo d'attaques alliées Aire de Feu
70%
Combo d'attaques alliées Aire d'Herbe
70%
Aléatoire | Combo avec Tunnel | Effet d'un champ Ampleur
70%
Poids Noeud Herbe
70%
Statut Façade
65%
Poids Balayage
61%
Niveau du lanceur Frappe Atlas
61%
Vitesse Gyroballe
61%
Dégât reçus Riposte
61%
Poids Tacle Lourd
61%
Répétition Taillade
61%
KO Vengeance
61%
Dégât reçus Avalanche
52%
Echec Trépignement
52%
Dégât reçus Voile-Miroir
52%
PV du lanceur Contre
48%
Objets Dégommage
48%
Combo avec Lilliput Ecrasement
48%
Statistiques modifiées Force Ajoutée
48%
Dégât reçus Fulmifer
48%
PV du lanceur Gigotage
48%
Effet de la météo Lance-Soleil
48%
Niveau du lanceur Ombre Nocturne
48%
Effet d'un champ Piétisol
48%
Objets Sabotage
48%
Combo avec Plongée Siphon
48%
Poids Tacle Feu
48%
Aléatoire Vague-Psy
48%
Dégât reçus Vendetta
48%
Aléatoire Cadeau
43%
PV de l'adversaire Croc Fatal
43%
Répétition Echo
43%
PV de l'adversaire Saumure
43%
PP Atout
39%
Vitesse Boule Elek
39%
Répétition Chant Canon
39%
Statut Châtiment
39%
Lieu du combat Force Nature
39%
KO Hommage Posthume
39%
Effet d'un champ Monte-Tension
39%
Combo avec Vol Ouragan
39%
Combo avec Lilliput Plaquage
39%
PV de l'adversaire Presse
39%
Dégât reçus Représailles
39%
Combo avec Vol Tornade
39%
Effet d'un champ Vaste Pouvoir
39%
Statistiques modifiées Arrogance
35%
Combo avec Boul'Armure Ball'Glace
35%
Effet d'un champ Champlification
35%
Statut Choc Venin
35%
Objets Don Naturel
35%
PV du lanceur Draco-Energie
35%
Combo d'attaques entre elles Eclair Croix
35%
PV de l'adversaire Essorage
35%
Combo d'attaques entre elles Flamme Croix
35%
Statistiques modifiées Punition
35%
Lancée avant l'adversaire Branchicrok
30%
Effet d'un champ Explo-Brume
30%
Dégât reçus Poing de Colère
30%
Lancée avant l'adversaire Prise de Bec
30%
Super efficace Turbo Volt
30%
Forme de l'adversaire Aegis Maxima
26%
Forme de l'adversaire Canon Dynamax
26%
Statistiques modifiées Cent Rancunes
26%
Combo avec Lilliput Dracocharge
26%
Bonheur Evo-Chardasso
26%
Combo avec Lilliput Flying Press
26%
Effet de la gravité Force G
26%
Forme de l'adversaire Gladius Maximus
26%
PV de l'adversaire Ire de la Nature
26%
Super efficace Nitro Crash
26%
Bonheur Pika-Fracas
26%
PV du lanceur Tout ou Rien
26%
Objets Acrobatie
22%
Dégât reçus Assurance
22%
Combo avec Lilliput Bulldoboule
22%
PV de l'adversaire Cataclysme
22%
Statut Cortège Funèbre
22%
PV du lanceur Effort
22%
Aléatoire Laser Hasard
22%
Statut Multitoxik
22%
Dégât reçus Patience
22%
Forme du lanceur Sheauriken
22%
Statut Stimulant
22%
Dégât reçus Vindicte
22%
Echec Indignition
17%
Statut Réveil Forcé
17%
Combo avec Lilliput Hantise
13%
Effet de la météo Hydrovapeur
13%
PV de l'adversaire Pression Extrême
13%
Effet d'un champ Lame Psychique
9%
Forme du lanceur Téra Explosion
9%
Aucun quiz correspondant
Distribution des résultats
% des personnes avec chaque résultat
Percentile par nombre de réponses
Votre historique - résultats
Vous n’avez pas pris ce quiz depuis la dernière actualisation